Skadu voor die son / (Record no. 792034)

MARC details
000 -LEADER
fixed length control field 00764nam a22002537b 4500
003 - CONTROL NUMBER IDENTIFIER
control field 3228
005 - DATE AND TIME OF LATEST TRANSACTION
control field 20260202130634.0
008 - FIXED-LENGTH DATA ELEMENTS--GENERAL INFORMATION
fixed length control field 260202b sa |||||d|||| 00| 1 AFR d
020 ## - INTERNATIONAL STANDARD BOOK NUMBER
International Standard Book Number 9780795918025 (hardback)
020 ## - INTERNATIONAL STANDARD BOOK NUMBER
International Standard Book Number 0795918038 (hardback)
040 ## - CATALOGING SOURCE
Original cataloging agency MPL
Language of cataloging eng
Transcribing agency 2000
Description conventions Resource Description and Access
041 ## - LANGUAGE CODE
Language code of text/sound track or separate title Afrikaans
082 #0 - DEWEY DECIMAL CLASSIFICATION NUMBER
Classification number LP AF HENN
100 ## - MAIN ENTRY--PERSONAL NAME
9 (RLIN) 87074
Personal name Henning, Nan
Relator term author
245 ## - TITLE STATEMENT
Title Skadu voor die son /
Statement of responsibility, etc. Nan Henning
250 ## - EDITION STATEMENT
Edition statement Grootdruk
260 ## - PUBLICATION, DISTRIBUTION, ETC.
Place of publication, distribution, etc. Pretoria :
Name of publisher, distributor, etc. Daan Retief Uitgewers ,
Date of publication, distribution, etc. 1966,
-- ©1989.
300 ## - PHYSICAL DESCRIPTION
Extent 346 pages (large print) :
Other physical details jacket ;
Dimensions 21 cm
655 #0 - INDEX TERM--GENRE/FORM
9 (RLIN) 189056
Genre/form data or focus term Afrikaans Fiction
655 #0 - INDEX TERM--GENRE/FORM
9 (RLIN) 198295
Genre/form data or focus term Large Print
655 #0 - INDEX TERM--GENRE/FORM
9 (RLIN) 188670
Genre/form data or focus term Human Relations Fiction
655 #0 - INDEX TERM--GENRE/FORM
9 (RLIN) 189843
Genre/form data or focus term Hospital Romance
942 ## - ADDED ENTRY ELEMENTS
Source of classification or shelving scheme Dewey Decimal Classification
item type Books
-- 296
-- Phillipina Naude
-- 296
-- Phillipina Naude
Holdings
Withdrawn status Lost status Source of classification or shelving scheme Damaged status Not for loan Collection code Home library Current library Shelving location Date acquired Total Checkouts Full call number Barcode Date last seen Price effective from item type Public note
    Dewey Decimal Classification     Fiction Klipfontein PL (MMID-PLEM-KLIP) Klipfontein PL (MMID-PLEM-KLIP) Fiction 02.02.2026   LP AF HENN 139196 02.02.2026 02.02.2026 Books D77970